Vplyv demografických determinantov na rozhodnutie o kúpe poistenia bakalárska práca

Salvato in:
Dettagli Bibliografici
Autore principale: Baxa, Marek, 1993-
Ente Autore: Národohospodárska fakulta EU. Katedra poisťovníctva
Altri autori: Ondruška, Tomáš, 1988-
Natura: Libro
Lingua:slovacco
Pubblicazione: Bratislava 2015
Tags: Aggiungi Tag
Nessun Tag, puoi essere il primo ad aggiungerne!!

MARC

LEADER 00000nbm a2200000 4500
001 0204924
005 20161212094816.8
041 0 |a slo 
044 |a SK 
245 1 0 |a Vplyv demografických determinantov na rozhodnutie o kúpe poistenia  |b bakalárska práca  |c Marek Baxa ; školiteľ: Tomáš Ondruška 
264 1 |a Bratislava  |c 2015 
300 |a 30 s. 
100 1 |a Baxa, Marek, 1993- 
700 1 |a Ondruška, Tomáš, 1988- 
710 2 |a Národohospodárska fakulta EU. Katedra poisťovníctva